| 000 | 00524nam a2200121Ia 4500 | ||
|---|---|---|---|
| 008 | 220620s9999||||xx |||||||||||||| ||und|| | ||
| 245 | 0 |
_aHot Property _bThe Housing Market in Major Cities |
|
| 546 | _aEnglish[eng] | ||
| 650 | _aEconomics||Management science||Urban economics||Capital market||Economic policy||Real estate management||Sociology, Urban | ||
| 700 | _aNijskens, Rob||Lohuis, Melanie||Hilbers, Paul||Heeringa, Willem | ||
| 856 | _uhttps://library.oapen.org/bitstream/20.500.12657/22891/1/1007270.pdf | ||
| 942 | _cEB | ||
| 999 |
_c25295 _d25295 |
||